Addio mia concubina /

Gardado en:
Detalles Bibliográficos
Autor Principal: Fengyi, Zhang (Composer)
Outros autores: Lee, Lilian (Scenarist), Lu, Wei (Scenarist), Gong, Li (Actor), Chen, Kaige (Director), Cheung, Leslie (Actor), Ge, You (Actor)
Formato: Deslizar
Idioma:Lingua italiana
Publicado: [Roma] : La Repubblica, 1996
Series:La Repubblica cinema
Tags: Engadir etiqueta
Sen Etiquetas, Sexa o primeiro en etiquetar este rexistro!

MARC

LEADER 00000ngm a22000007i 4500
001 IT\ICCU\RAV\1079146
003 ItRI
005 20260124182822.0
008 060411s1996 it |||||||||||||||k|||||c
040 |b ita 
041 7 |a ita  |2 ISO-639-2 
130 0 |a Addio mia concubina <videoregistrazione>  |3 IT\ICCU\CAG\1058638 
130 0 |a Ba wang bie ji <film ; 1993>  |3 IT\ICCU\RAV\1430103 
245 0 0 |a Addio mia concubina /  |c di Chen Kaige ; sceneggiatura Lilian Lee, Lu Wei ; musiche Zhao Jiping ; tratto dall'omonimo romanzo di Lilian Lee. 
260 |a [Roma] :  |b La Repubblica,  |c 1996 
300 |a 1 videocassetta (VHS) (circa 170 min) :  |b color., sonoro 
500 |a Titolo del contenitore 
500 |a Film del 1992, Hong Kong / Cina ; interpreti: Leslie Cheung, Gong Li, Zhang Fengyi, Ge You. 
700 1 |a Lee, Lilian  |0 IT\ICCU\LO1V\134494  |4 sce 
700 1 |a Fengyi, Zhang  |0 IT\ICCU\MILV\308598  |4 cmp 
700 1 |a Lu, Wei  |0 IT\ICCU\PUVV\129872  |4 sce 
700 1 |a Gong, Li  |0 IT\ICCU\RAVV\089149  |4 act 
700 1 |a Chen, Kaige  |0 IT\ICCU\RAVV\089805  |4 drt 
700 1 |a Cheung, Leslie  |0 IT\ICCU\RAVV\089806  |4 act 
700 1 |a Ge, You  |0 IT\ICCU\UBOV\703249  |4 act 
790 1 |a Li, Bihua  |3 IT\ICCU\UBOV\637309  |z Lee, Lilian 
790 1 |a Li, Gong  |3 IT\ICCU\TO0V\686993  |z Gong, Li 
830 3 |a La Repubblica cinema  |0 IT\ICCU\TO0\0830765 
942 |2 ddc  |c VM  |n 0 
952 |0 0  |1 0  |4 0  |6 VO_801_000000000000000  |7 0  |9 26853  |a BO  |b BO  |d 2026-01-24  |i 7701  |l 0  |o VO 801  |p BO7701  |r 2026-01-24 18:28:22  |w 2026-01-24  |x [Sebina 5] [1 videocassetta]  |y VM  |z 1 videocassetta 
952 |0 0  |1 0  |4 0  |6 VO_1535_000000000000000  |7 0  |9 26854  |a BO  |b BO  |d 2026-01-24  |i 11717  |l 0  |o VO 1535  |p BO11717  |r 2026-01-24 18:28:22  |w 2026-01-24  |x [Sebina 5] [1 videocassetta]  |y VM  |z 1 videocassetta 
999 |c 22717  |d 22717